000 00494nam a2200193 a 4500
001 2141
005 20180713182138.0
008 140415s1981 mx 000 0 spa d
041 _aspa
082 _a128
_bCAR
100 1 _aCARREL, ALEXIS
245 1 3 _aLA INCOGNITA DEL HOMBRE
250 _a1a ed.
260 _aMEXICO :
_bDIANA,
_c1981
300 _a397
650 1 4 _aANTROPOLOGIA FILOSOFICA
700 1 _aRUIZ FERRY, MARIA
_etr.
700 1 _aPITTALUGA, GUSTAVO
_eprĂ³l.
999 _c2141
_d2141